000 00892nam a2200277 a 4500
001 000003412
003 DO-SdBNP
005 20220808133034.0
007 ta
008 800829s1976 mx 001 0 spa
040 _aDO-SdBNP
_bspa
_cBNPHU
082 4 _a811.54
_bS528p, 1976
_222
100 1 _aShand, William,
_d1902-
_910635
245 1 0 _aPoesía norteamericana contemporánea /
_cselección y versiones por William Shand y Alberto Girri; prólogo y notas por Gilbert Chase.
250 _a3a. ed.
260 _aMéxico :
_bDimelisa,
_c1976.
300 _a237 p. ;
_c20 cm.
490 1 _aAmérica en letras
_v39
590 _aInventariado, 2022 / DG
650 4 _aPoesía estadounidense
_96278
650 4 _aLiteratura estadounidnese
_910636
700 1 _aChase, Gilbert.
_d1906-1992
_epról.
_910637
830 0 _aAmérica en letras ;
_910638
_n39
910 _aDG
942 _2ddc
_cLBS1
999 _c3242
_d3242